| 000 | 00395nam a2200133Ia 4500 | ||
|---|---|---|---|
| 008 | 220217s9999||||xx |||||||||||||| ||und|| | ||
| 020 | _a81-203-2987-2 | ||
| 082 | _a005.13 GHO | ||
| 100 | _aGhosh, pallab | ||
| 245 | 0 | _aNumerical methods with computer programms in C++ | |
| 260 |
_aPrentice hall of india private Ltd. _bNew Delhi _c2006 |
||
| 300 | _b395 | ||
| 650 | _aPROGRAMMING LANGUAGE | ||
| 999 |
_c177063 _d177063 |
||